Численное моделирование температурных полей кабельных линий в условиях электрической перегрузки; Современные техника и технологии; Т. 3

Dettagli Bibliografici
Parent link:Современные техника и технологии: сборник трудов XVI Международной научно-практической конференции студентов, аспирантов и молодых ученых, Томск, 12-16 апреля 2010 г/ Национальный исследовательский Томский политехнический университет (ТПУ).— , 2010
Т. 3.— 2010.— [С. 174-175]
Autore principale: Григорьева М. М. Муза Михайловна
Altri autori: Кузнецов Г. В. Гений Владимирович (научный руководитель)
Riassunto:Заглавие с титульного листа
Электронная версия печатной публикации
Lingua:russo
Pubblicazione: 2010
Soggetti:
Accesso online:http://www.lib.tpu.ru/fulltext/c/2010/C01/V1/081.pdf
Natura: MixedMaterials Elettronico Capitolo di libro
KOHA link:https://koha.lib.tpu.ru/cgi-bin/koha/opac-detail.pl?biblionumber=235527

MARC

LEADER 00000naa2a2200000 4500
001 235527
005 20260317093518.0
035 |a (RuTPU)RU\TPU\book\256664 
035 |a RU\TPU\book\256655 
090 |a 235527 
100 |a 20130411d2010 k y0rusy50 ca 
101 0 |a rus 
102 |a RU 
135 |a drnn ---uucaa 
181 0 |a i  
182 0 |a b 
200 1 |a Численное моделирование температурных полей кабельных линий в условиях электрической перегрузки  |f М. М. Григорьева, Г. В. Кузнецов  |g науч. рук. Г. В. Кузнецов 
203 |a Текст  |c электронный 
215 |a 1 файл (158 Кб) 
300 |a Заглавие с титульного листа 
300 |a Электронная версия печатной публикации 
337 |a Adobe Reader 
461 0 |0 (RuTPU)RU\TPU\book\245271  |t Современные техника и технологии  |o сборник трудов XVI Международной научно-практической конференции студентов, аспирантов и молодых ученых, Томск, 12-16 апреля 2010 г  |o в 3 т.  |f Национальный исследовательский Томский политехнический университет (ТПУ)  |d 2010 
463 0 |0 (RuTPU)RU\TPU\book\255783  |t Т. 3  |v [С. 174-175]  |d 2010 
610 1 |a электронный ресурс 
610 1 |a труды учёных ТПУ 
610 1 |a температурные поля 
610 1 |a численное моделирование 
610 1 |a кабельные линии 
610 1 |a электрическая перегрузка 
610 1 |a пожары 
610 1 |a статистические данные 
610 1 |a электротехнические изделия 
610 1 |a теплопроводность 
610 1 |a дифференциальные уравнения 
700 1 |a Григорьева  |b М. М.  |c специалист в области теплоэнергетики  |c старший преподаватель Томского политехнического университета  |f 1980-  |g Муза Михайловна  |3 (RuTPU)RU\TPU\pers\25816 
701 1 |a Кузнецов  |b Г. В.  |c специалист в области теплоэнергетики  |c профессор Томского политехнического университета, доктор физико-математических наук  |f 1949-  |g Гений Владимирович  |3 (RuTPU)RU\TPU\pers\25528  |9 11458 
702 1 |a Кузнецов  |b Г. В.  |c специалист в области теплоэнергетики  |c профессор Томского политехнического университета, доктор физико-математических наук  |f 1949-  |g Гений Владимирович  |4 727 
801 1 |a RU  |b 63413507  |c 20130213 
801 2 |a RU  |b 63413507  |c 20150312  |g RCR 
856 4 |u http://www.lib.tpu.ru/fulltext/c/2010/C01/V1/081.pdf 
942 |c CF